Comel yang sombong

Bibliographic Details
Format: Book
Published: Kuala lumpur : Penerbitan fargoes sdn.bhd. , 1996
Series:Siri kanak-kanak gembira

MARC

LEADER 00000cam a2200000 7i4500
001 0000077132
005 20171219.0
008 171219
020 |a 9830440109 
090 0 0 |a JAW 
245 0 0 |a Comel yang sombong   |c Disusun oleh Heri Hartina 
260 |a Kuala lumpur :   |b Penerbitan fargoes sdn.bhd. ,   |c 1996 
490 1 |a Siri kanak-kanak gembira 
999 |a 0000766537   |b Book   |c Children Collection   |e Cawangan Bandar Penawar 
999 |a 0000766539   |b Book   |c Children Collection   |e Cawangan Bandar Penawar 
999 |a 0000766541   |b Book   |c Children Collection   |e Cawangan Bandar Penawar 
999 |a 0000773633   |b Book   |c Children Collection   |e Cawangan Pontian 
999 |a 0000788978   |b Book   |c Children Collection   |e Cawangan Segamat 
999 |a 0000842061   |b Book   |c Children Collection   |e Cawangan Segamat 
999 |a 0000842062   |b Book   |c Children Collection   |e Cawangan Segamat